000 005850000a22001810004500
003 MACL
005 20160409162812.0
008 160409b xxu||||| |||| 00| 0 eng d
040 _aMACL
_cMACL
041 _aHindi
082 _a610
100 _aडॉ यतीश अग्रवाल
_919810
245 _aखिले मातृत्‍व गूंजें किलकारियां
260 _bविज्ञान प्रसार
_c2002
_aदिल्‍ली
350 _a195
650 _aFactor Affecting Social Behaviour
_951482
942 _cHIN
_k610
_2ddc
999 _c10249
_d10249